000 00895pam a2200265 a 4500
001 2585
005 20240105155632.0
020 _a9780152024079
040 _aDLC
_cDLC
_dDLC
_beng
050 0 0 _aPZ7.B91527
_bDan 1995
082 0 0 _a813.54
100 1 _aBunting, Eve
_d1928-
245 1 0 _aDandelions /
_cWritten by Eve Bunting ; illustrated by Greg Shed
260 _aNew York :
_bHarcourt,
_c1995
300 _a42 unnumbered pages :
_bcolor illustrations ;
_c24 cm.
505 _aP
520 _aZoe and her family find strength in each other as they make a new home in the Nebraska territory.
521 _a650
_bLexile
521 _aP
_bRaz-Plus
650 1 _aFrontier and pioneer life
_zNebraska
_xFiction.
650 1 _aFamily life
_zNebraska
_xFiction.
700 1 _aShed, Greg
_eillustrator
906 _a7
_bcbc
_corignew
_d1
_eocip
_f19
_gy-gencatlg
942 _2ddc
_cBK
_n0
999 _c2585
_d2585